000 00999nam a22002657a 4500
005 20110331163747.0
008 110331t xxu||||| |||| 00| 0 eng d
010 _aENG-102205
020 _c275.00
_a9788125939443
035 _aEN-85738
037 _bDBAD/PUB
040 _adpl
_bEng
082 _a621.395
100 1 _926630
_aSalivahanan, S.
245 1 0 _aDigital logic design /
_cby S. Salivahanan [and] S. Arivazhagan
260 _aNoida
_bVikas Publishing House
_c2010
270 _aA-22, Sector-4
_bNoida
_e201301
300 _axiii,662p.
_c24cm (pbk)
490 _aVikas-GTU students' series
_926897
650 0 _926631
700 _926636
_aArivazhagan, S.
942 _2ddc
_cEN
_mSAL
_h621.395
999 _c51351
_d51351